| 000 | 00901nas a2200277 4500 | ||
|---|---|---|---|
| 001 | BR0808681 | ||
| 003 | BR-BrBNA | ||
| 005 | 20231205112908.0 | ||
| 007 | ta | ||
| 008 | 230509b bl.|||p| |||| 00| 00por d | ||
| 040 |
_aBR-BrBNA _bpor _cBiblioteca Nacional de Agricultura |
||
| 041 | _a(Pt) | ||
| 072 | _aP10 | ||
| 100 | 1 | _aMaia, A.L. | |
| 100 | 1 | _aAmaral, I.R. | |
| 100 | 1 | _aVersiani, B.R. | |
| 245 | 1 | _aMetodologia DPFT de identificação do hidrograma unitário e das precipitações efetivas: estudo de caso para a bacia hidrográfica de Juatuba - MG | |
| 650 | _aCHUVA | ||
| 650 | _aÁGUA | ||
| 650 | _aVOLUME | ||
| 650 | _aBACIA HIDROGRÁFICA DE JUATUBA | ||
| 650 | _aMINAS GERAIS | ||
| 773 | 0 |
_tRevista Brasileira de Recursos Hídricos (Brazil) _xISSN 1414-381X _g(Jan-Mar 2006), v. 11(1) p. 79-90 _wBR0808681 |
|
| 909 |
_a202311 _bLúcia _c55 _dLúcia Elande |
||
| 942 |
_2AGRIS _n0 _cANA |
||
| 999 |
_c200649 _d200649 |
||